Statistics for Ultimate Food Quiz

Click here to take the quiz!

General Stats

  • This quiz has been taken 40 times
    (11 since last reset)
  • The average score is 53 of 64

Answer Stats

Answer% Correct
Apple
100%
Blueberry
100%
Carrot
100%
Coconut
100%
Corn
100%
Eggs
100%
Ice Cream
100%
Lemon
100%
Lime
100%
Onion
100%
Orange
100%
Peach
100%
Pear
100%
Pizza
100%
Pizza
100%
Pop Corn
100%
Raspberry
100%
Salmon
100%
Watermelon
100%
Avocado
91%
Blackberry
91%
Bread/Toast
91%
Cherry
91%
Chicken
91%
Churro/Cinnamon
91%
Croissant
91%
Donut
91%
French Fries
91%
Hamburger
91%
Honey
91%
Hot Dog
91%
Oreo
91%
Pancakes
91%
Pumpkin
91%
Strawberry
91%
Waffle
91%
Walnut
91%
Wheat
91%
Asparagus
82%
Basil
82%
Bread
82%
Coffee
82%
Eggplant
82%
Pepper
82%
Tomato
82%
Grapes
73%
Pomegranate
73%
Almonds
64%
Banana
64%
Butter
64%
Cake Pop
64%
Chocolate Cake
64%
Crepe
64%
Grapefruit
64%
Jam
64%
Macaron
64%
Maple Syrup
64%
Pickle
64%
Radish
64%
Sandwich/Sub
55%
Lettuce
45%
Poutine
45%
Kebabs
18%
Salad
18%

Score Distribution

Percentile by Number Answered

Percent of People with Each Score

Your Score History

You have not taken this quiz since the last reset